Historia de la evolución argentina (Registro nro. 297029)
[ vista simple ]
| 000 -ENCABEZADO | |
|---|---|
| Número de control [NR] | 01522nam a22002177a 4500 |
| 005 - FECHA Y HORA DE LA ÚLTIMA TRANSACCIÓN | |
| control field | 20141001085840.0 |
| 008 - DE LONGITUD FIJA DE DATOS DE ELEMENTOS - INFORMACIÓN GENERAL | |
| Elementos de longitud fija [NR] | 140923s1921 ag ||||fs|||| 001 0 spa d |
| 040 ## - FUENTE DE CATALOGACION [NR] | |
| Quien Cataloga | Sandra Yazo |
| Quien Clasifica | Sandra Yazo |
| 041 0# - CODIGO DE IDIOMA [R] | |
| Código de idioma para texto/pista de sonido o título separado [R] | Español |
| 082 04 - NUMERO DE CLASIFICACION DECIMAL DEWEY [R] | |
| Número de la edición [NR] | 20 |
| Número de clasificación [R] | 961 |
| 092 ## - SIGNATURA TOPOGRAFICA LOCAL | |
| Número de clasificación local | E32N073 |
| 100 1# - ASIENTO PRINCIPAL--NOMBRE PERSONAL [NR] | |
| Nombre personal [NR] | Ramos Mejía, Francisco |
| Fechas asociadas con el nombre [NR] | 1847-1893 |
| ID Autoridad | 64762 |
| 245 10 - MENCION DE TITULO [NR] | |
| Título [NR] | Historia de la evolución argentina |
| Parte restante del título [NR] | (Obra póstuma) |
| Mención de responsabilidad, etc. [NR] | Francisco Ramos Mejía |
| 260 ## - PUBLICACION, DISTRIBUCION, ETC. (PIE DE IMPRENTA) [R] | |
| Lugar de publicación, distribución, etc. [R] | Buenos Aires (Argentina) |
| Nombre del editor, distribuidor, etc. [R] | Libreria "La facultad" de Juan Roldán |
| Fecha de publicación, distribución, etc. [R] | 1921 |
| 300 ## - DESCRIPCION FISICA [R] | |
| Extensión [R] | xv, 415 páginas |
| Dimensiones [R] | 21 x 15 cm. |
| 500 ## - NOTA GENERAL [R] | |
| Nota general [NR] | Detalles físicos: Encuadernación rígida en cartón forrada en papel. Lomo en tela encolada con adornos en dorado. Tapas y lomo con roturas, raspaduras y hendiduras. Guardas en papel impreso. Anteportada. Portada impresa en papel en una sola tinta. Texto impreso en una sola columna. Notas al pie de página. Varias hojas sueltas. Papel manchado. Retrato del autor antes de la portada. |
| 505 1# - NOTA DE CONTENIDO CON FORMATO PREESTABLECIDO [R] | |
| Nota de contenido con formato preestablecido [NR] | Prólogo ; Antecedentes ; Introducción general ; Unidad de la naturaleza ; La ley de causalidad de la historia ; Orígenes de la evolución Argentina ; Génesis y desenvolvimiento de la democracia Argentina: Enunciación ; Estado político y social de la Europa en la época bárbara ; Estado político y social de España en el siglo XV ; Desenvolvimiento de la Democracia Argentina – Factores sociales, políticos. |
| 506 ## - NOTA DE RESTRICCIONES DE ACCESO [R] | |
| Condiciones de acceso [NR] | Consulta en sala |
| 650 #7 - ASIENTO SECUNDARIO DE MATERIA - TERMINO TEMATICO [R] | |
| 9 (RLIN) | 38594 |
| Término temático o nombre geográfico como elemento de entrada [NR] | Novela argentina |
| Subdivisión general [R] | Historia y crítica |
| 942 ## - ELEMENTOS DE ENTRADA AGREGADOS (KOHA) | |
| Sistema de clasificación | LOCAL |
| Tipo de ítem principal el descrito en 300a | Libro |
| Edición | 1 |
| Clasificación | E32N073 |
| Suprimido | Perdido | Sistema de clasificación | Dañado | No prestable | Tipo de ítem específico | Ubicación habitual | Ubicación actual | Localización | Fecha de creación | Forma de adquisición | Costo | Total préstamos | Signatura topográfica | Código de barras | Última vez visto | Ejemplar | Price effective from | Tipo de ítem |
|---|---|---|---|---|---|---|---|---|---|---|---|---|---|---|---|---|---|---|
| LOCAL | Libro archivo | Archivo Histórico | Archivo Histórico | Archivo histórico | 23/09/2014 | Donación | 0.00 | E32N073 | L004551 | 23/09/2014 | Ej.1 | 23/09/2014 | Libro |